Congressmen's primer for socialism; (Record no. 68052)

MARC details
000 -LEADER
fixed length control field 00709cam a22002291 4500
001 - CONTROL NUMBER
control field sa 66001892
003 - CONTROL NUMBER IDENTIFIER
control field DLC
005 - DATE AND TIME OF LATEST TRANSACTION
control field 20260227112225.0
008 - FIXED-LENGTH DATA ELEMENTS--GENERAL INFORMATION
fixed length control field 770603s1965 ii 000 0 eng
010 ## - LIBRARY OF CONGRESS CONTROL NUMBER
LC control number sa 66001892
025 ## - OVERSEAS ACQUISITION NUMBER
Overseas acquisition number PL480: I-E-4897
035 ## - SYSTEM CONTROL NUMBER
System control number (OCoLC)3014964
040 ## - CATALOGING SOURCE
Original cataloging agency DLC
Transcribing agency MoU
Modifying agency OCoLC
-- DLC
042 ## - AUTHENTICATION CODE
Authentication code premarc
050 00 - LIBRARY OF CONGRESS CALL NUMBER
Classification number HX394
Item number .N38 1965
100 1# - MAIN ENTRY--PERSONAL NAME
Personal name Nehru, Jawaharlal,
Dates associated with a name 1889-1964.
245 10 - TITLE STATEMENT
Title Congressmen's primer for socialism;
Statement of responsibility, etc. a compilation compiled by H. D. Malaviya. Foreword by Indira Gandhi. Introd. by Gulzari Lal Nanda.
250 ## - EDITION STATEMENT
Edition statement [1st ed.]
260 ## - PUBLICATION, DISTRIBUTION, ETC.
Place of publication, distribution, etc. New Delhi,
Name of publisher, distributor, etc. Socialist Congressman
Date of publication, distribution, etc. [1965]
300 ## - PHYSICAL DESCRIPTION
Extent ix, 199 p.
Dimensions 22 cm.
650 #0 - SUBJECT ADDED ENTRY--TOPICAL TERM
Topical term or geographic name entry element Socialism.

No items available.

Powered by Koha